| 000 | 01262cam a2200385 a 4500 | ||
|---|---|---|---|
| 001 | 8576511 | ||
| 003 | OSt | ||
| 005 | 20211020154748.0 | ||
| 006 | m d | ||
| 007 | cr n | ||
| 008 | 091030s2010 nyua sb 001 0 eng d | ||
| 020 | _a9788181289070 | ||
| 035 | _a(WaSeSS)ssj0000450153 | ||
| 038 | _aKhadija | ||
| 040 |
_aDLC _cDLC _dWaSeSS |
||
| 041 | 1 |
_aeng _hita |
|
| 042 | _apcc | ||
| 050 | 4 |
_aQC688 _b.S913 2008 |
|
| 082 |
_a621.366 _bSVE |
||
| 100 | 1 |
_aSvelto, Orazio. _983291 |
|
| 210 | 1 | 0 | _aPrinciples of Lasers |
| 240 | 1 | 0 |
_aPrincipi Dei Laser. _lEnglish |
| 245 | 1 | 0 |
_aPrinciples of Lasers _cOrazio Svelto ; translated from Italian and edited by David C. Hanna. |
| 250 | _a4th ed. | ||
| 260 |
_aNew York : _bSpringer, _c2009. |
||
| 504 | _aIncludes bibliographical references and index. | ||
| 506 | _aLicense restrictions may limit access. | ||
| 563 | _aPB | ||
| 650 | 0 | _aLasers. | |
| 700 | 1 |
_aHanna, D. C. _q(David C.), _d1941- _983292 |
|
| 773 | 0 | _tSpringerLink ebooks - Physics and Astronomy (2010) | |
| 856 | 4 | 0 |
_uhttp://www.columbia.edu/cgi-bin/cul/resolve?clio8576511 _zFull text available from SpringerLink ebooks - Physics and Astronomy (2010) |
| 910 | _aLibrary of Congress record | ||
| 942 |
_2ddc _cBK |
||
| 999 |
_c32101 _d32101 |
||